000
00291nam a22001337a 4500
008
210302b ||||| |||| 00| 0 eng d
020
_a
0133866246
041
_a
eng
080
_2
8th
_a
33
100
_a
59
101
_a
BIZ
245
_a
International Business
_c
Wild,J.J
942
_2
udc
_c
BK
999
_c
55439
_d
55439